| 000 | 01717nam a2200457Ii 4500 | ||
|---|---|---|---|
| 001 | DIGUEXTER0125 | ||
| 003 | NyNyDIG | ||
| 006 | m o d | ||
| 007 | cr ||||||||||| | ||
| 008 | 220401s2009 ck ob 000 0 spa d | ||
| 035 | _a(OCoLC)1007173641 | ||
| 040 |
_aDGITA _beng _erda _epn _cDGITA |
||
| 020 |
_a9789587109351 _qeBook _qePub |
||
| 020 | _z9789587104332 | ||
| 050 | 1 | 4 | _aK3154 ebook |
| 082 | 0 | 4 | _a342 |
| 245 | 0 | 0 |
_aConstitucionalismo y garantismo / _cGema Marcilla Córdoba, editora. |
| 250 | _aPrimera edición. | ||
| 264 | 1 |
_aBogotá : _bUniversidad Externado de Colombia, _c[2009] |
|
| 300 | _a1 online resource. | ||
| 336 |
_atext _btxt _2rdacontent |
||
| 337 |
_acomputer _bc _2rdamedia |
||
| 338 |
_aonline resource _bcr _2rdacarrier |
||
| 347 |
_atext file _2rdaft |
||
| 347 | _bEPUB | ||
| 490 | 1 |
_aSerie de teoría jurídica y filosofía del derecho ; _vno. 53 |
|
| 504 | _aIncludes bibliographical references. | ||
| 588 | 0 | _aOnline resource; title from ePub title page (Digitalia, viewed April 1, 2022) | |
| 650 | 0 | _aConstitutional law. | |
| 650 | 0 | _aDemocracy. | |
| 650 | 0 | _aCivil rights. | |
| 655 | 0 | _aElectronic books. | |
| 700 | 1 |
_aMarcilla Córdoba, Gema, _eeditor. |
|
| 791 | 2 |
_aDigitalia (Firm), _edistributor. |
|
| 793 | 0 |
_gDigitalia eBook Collection: _aUniversidad Externado de Colombia |
|
| 776 | 0 | 8 |
_iPrint version: _tConstitucionalismo y garantismo. _bPrimera edición. _dBogotá : Universidad Externado de Colombia, [2009] _z9789587104332 |
| 830 | 0 |
_aSerie de teoría jurídica y filosofía del derecho ; _vno. 53. |
|
| 856 | 4 | 0 |
_3Digitalia Hispánica _uhttps://www.digitaliapublishing.com/a/39879/ |
| 910 | _aPremium collection: 2022 | ||
| 942 | _cRAA | ||
| 999 |
_c245139 _d245139 |
||